El CAEM y la revolución de la fuerza armada /
Bewaard in:
| Hoofdauteur: | |
|---|---|
| Coauteurs: | , |
| Formaat: | Texto |
| Gepubliceerd in: |
Lima:
Campodónico ediciones
|
| Tags: |
Voeg label toe
Geen labels, Wees de eerste die dit record labelt!
|
MARC
| LEADER | 00000 a a2200000 04500 | ||
|---|---|---|---|
| 001 | 22431 | ||
| 003 | |||
| 040 | |||
| 090 | |a 151800 | ||
| 100 | |a Villanueva, Víctor | ||
| 110 | |a Instituto de estudios Peruanos | ||
| 245 | |a El CAEM y la revolución de la fuerza armada / |c Instituto de estudios Peruanos | ||
| 260 | |a Lima: |b Campodónico ediciones | ||
| 300 | |a 244 p. | ||
| 710 | |a IEP | ||
| 999 | |c 13925 |d 13925 | ||
